Ahová érdemes elmenni - Szádudvarnok

Bibliographic Details
Main Author: Ferencz, Béla (Author)
Format: Article
Language:Hungarian
PhysicalDescription:Fotogr.
ISSN:1335-6534
Subjects:

MARC

LEADER 00000nab a2200000 ar4500
001 vtls009004153
003 SK-MaSNL
005 20260319071305.0
008 070622c2007 xo |||||||| 000 b|hun
015 |a SNBRB2007/06  |2 snkbucl 
038 |a SNKBUCL 
040 |a DSZK  |b slo  |c DSZK  |e AACR2 
041 0 |a hun 
044 |a xo  |c SK 
080 |a 904:726  |x (437.6)  |2 1997 
080 |a 726  |x (437.6)  |2 1997 
100 1 |a Ferencz, Béla  |4 aut  |9 846871 
245 1 0 |a Ahová érdemes elmenni - Szádudvarnok  |c Ferencz Béla 
300 |b Fotogr. 
650 0 7 |a sakrálna architektúra  |z Zádielske Dvorníky (Slovensko)  |2 snkbucl  |9 1065948 
650 0 7 |a sakrálne pamiatky  |2 snkbucl  |9 28972 
650 0 7 |a kultúrne pamiatky  |2 snkbucl  |9 2862 
651 7 |a Zádielske Dvorníky (Slovensko)  |2 snkbucl  |9 103386 
773 0 |t Remény  |g Évf. XVII, sz. 23 (2007), o. 16  |x 1335-6534 
852 |a SNK  |b KIS3GCP 
852 |a DSZK  |b KIS3GCP 
958 |a HU 
958 |a SK 
958 |a NT 
999 |c 1751964  |d 1753894